[Event "XXXIV Memorial Edoardo Crespi B"]
[Site "Milano ITA"]
[Date "2013.12.04"]
[Round "1"]
[White "Alidosi, Marco"]
[Black "Izzo, Riccardo"]
[WhiteElo "1781"]
[BlackElo "1601"]
[Result "1-0"]
[PlyCount "63"]
[EventDate "2013.12.04"]

1. d4 d5 2. c4 e6 3. Nc3 Nf6 4. cxd5 exd5 5. Bg5 c6 6. e3 Bb4 7. a3 Bxc3+ 8.
bxc3 Qd6 9. Bxf6 Qxf6 10. Bd3 Bf5 11. Ne2 Nd7 12. Nf4 Bxd3 13. Nxd3 O-O 14. O-O
b5 15. a4 a6 16. axb5 axb5 17. Qb3 Qd6 18. Qb4 Qc7 19. Ra3 Nb6 20. Rfa1 Rxa3
21. Rxa3 Na4 22. Nc5 Nxc5 23. Qxc5 Rb8 24. Ra6 Rc8 25. g3 g6 26. f3 f5 27. e4
fxe4 28. fxe4 dxe4 29. Ra7 Qd8 30. Qe5 Qf8 31. Qe6+ Kh8 32. Rf7 1-0

[Event "XXXIV Memorial Edoardo Crespi B"]
[Site "Milano ITA"]
[Date "2013.12.04"]
[Round "1"]
[White "Aloe, Giancarlo"]
[Black "Carli, Federico"]
[WhiteElo "1711"]
[BlackElo "1518"]
[Result "0-1"]
[PlyCount "76"]
[EventDate "2013.12.04"]

1. d4 d5 2. Nf3 Nf6 3. g3 Bf5 4. Bg2 e6 5. O-O Bd6 6. Nbd2 Nbd7 7. c4 c6 8. b3
h5 9. Bb2 Ne4 10. Nh4 Bh7 11. cxd5 Nxd2 12. Qxd2 exd5 13. Rfe1 O-O 14. e4 dxe4
15. Bxe4 Bxe4 16. Rxe4 Nf6 17. Re2 Nd5 18. a3 Be7 19. Nf5 Bg5 20. f4 Bf6 21.
Rae1 Qd7 22. Qd3 Rfe8 23. Ne3 Rad8 24. b4 Kf8 25. Nc4 h4 26. Ne5 Bxe5 27. dxe5
Nxf4 28. Qh7 Nxe2+ 29. Rxe2 Qd1+ 30. Kf2 hxg3+ 31. hxg3 Rd2 32. Qh8+ Ke7 33.
Qh4+ Kd7 34. Qg4+ Kc7 35. e6 Rxe2+ 36. Qxe2 Qxe2+ 37. Kxe2 Rxe6+ 38. Kf3 g6 0-1

[Event "XXXIV Memorial Edoardo Crespi B"]
[Site "Milano ITA"]
[Date "2013.12.04"]
[Round "1"]
[White "Andolfatto, Maria"]
[Black "Colica, Daniele"]
[WhiteElo "1496"]
[BlackElo "1701"]
[Result "0-1"]
[PlyCount "44"]
[EventDate "2013.12.04"]

1. e4 Nf6 2. e5 Nd5 3. d4 d6 4. f4 Bf5 5. Bc4 dxe5 6. dxe5 e6 7. a3 Bc5 8. b4
Bb6 9. Bb3 Ne3 10. Qe2 Bg4 11. Nf3 Nf5 12. Bb2 Nc6 13. Ba4 O-O 14. Bxc6 bxc6
15. c4 Bd4 16. Bxd4 Nxd4 17. Qf2 Nb3 18. Ra2 Nc1 19. Rd2 Nd3+ 20. Kf1 Nxf2 21.
Rxd8 Nxh1 22. Rd2 Rad8 0-1

[Event "XXXIV Memorial Edoardo Crespi B"]
[Site "Milano ITA"]
[Date "2013.12.04"]
[Round "1"]
[White "Bertora, Silvano"]
[Black "Fantina, Carla"]
[WhiteElo "1632"]
[BlackElo "1437"]
[Result "1/2-1/2"]
[PlyCount "97"]
[EventDate "2013.12.04"]

1. Nf3 d6 2. d4 Nf6 3. c4 g6 4. e4 Nxe4 5. Bd3 Nf6 6. Bd2 Bg7 7. Nc3 c5 8. d5
a6 9. Qc1 Bg4 10. Be2 O-O 11. Bh6 Bxf3 12. Bxf3 Nbd7 13. Bxg7 Kxg7 14. g4 Ne5
15. Qf4 Nxf3+ 16. Qxf3 h5 17. g5 Nd7 18. O-O-O Ne5 19. Qe4 Ng4 20. Rd2 Re8 21.
h3 f5 22. Qe2 Ne5 23. f4 Nd7 24. Re1 Nf8 25. Qd1 Qa5 26. Rde2 Kf7 27. Re3 b5
28. Qe2 Ra7 29. b3 b4 30. Na4 Qc7 31. Qb2 Qd8 32. Qh8 e6 33. Qb2 Kg8 34. dxe6
Rae7 35. Qd2 Nxe6 36. Qd5 Kf7 37. Nxc5 dxc5 38. Rxe6 Qxd5 39. cxd5 Rxe6 40.
dxe6+ Rxe6 41. Rd1 Ke7 42. Rd5 Rc6 43. Kd2 Rd6 44. Rxd6 Kxd6 45. Ke3 Kd5 46.
Kd3 h4 47. Ke3 a5 48. Kd3 Kd6 49. Ke3 1/2-1/2

[Event "XXXIV Memorial Edoardo Crespi B"]
[Site "Milano ITA"]
[Date "2013.12.04"]
[Round "1"]
[White "Biava, Pierluigi"]
[Black "Gorini, Michele"]
[WhiteElo "1686"]
[BlackElo "1486"]
[Result "1-0"]
[PlyCount "36"]
[EventDate "2013.12.04"]

1. e4 b6 2. f4 Bb7 3. Nc3 Nf6 4. d3 e6 5. Nf3 Be7 6. Be3 c5 7. Bf2 Ng4 8. Bg3
Ne3 9. Qe2 Nxf1 10. Rxf1 d6 11. h4 h5 12. O-O-O Nc6 13. Ng5 Nd4 14. Qf2 Rh6 15.
Kb1 f5 16. Ne2 Bf6 17. c3 Nxe2 18. Qxe2 Kf8 1-0

[Event "XXXIV Memorial Edoardo Crespi B"]
[Site "Milano ITA"]
[Date "2013.12.04"]
[Round "1"]
[White "Biot, Thomas"]
[Black "Bianchi, Paolo"]
[WhiteElo "1509"]
[BlackElo "1692"]
[Result "1-0"]
[PlyCount "111"]
[EventDate "2013.12.04"]

1. e4 d6 2. d4 Nf6 3. Nc3 g6 4. Bc4 Bg7 5. Nge2 O-O 6. Bg5 c6 7. Bxf6 Bxf6 8.
O-O Nd7 9. e5 dxe5 10. Ne4 exd4 11. Nxf6+ Nxf6 12. Qxd4 Qxd4 13. Nxd4 e5 14.
Nf3 e4 15. Nd2 Bf5 16. h3 Rad8 17. Nb3 Rfe8 18. c3 Be6 19. Bxe6 Rxe6 20. Nc5
Re7 21. Rad1 Rde8 22. Rd6 Kg7 23. Rfd1 b6 24. Nb3 c5 25. Re1 Rd7 26. Rxd7 Nxd7
27. f3 f5 28. f4 Nf6 29. Nd2 e3 30. Nc4 e2 31. Kf2 Re4 32. Nd2 Rxf4+ 33. Kxe2
Ra4 34. a3 b5 35. Kf3 Ra6 36. Re7+ Kh6 37. Nb3 c4 38. Nd4 Kg5 39. Nxb5 Rb6 40.
Nd4 Rxb2 41. g3 h5 42. Ne6+ Kh6 43. Nf8 Rd2 44. Rxa7 Rd3+ 45. Kf4 Nd5+ 46. Ke5
Nxc3 47. h4 Re3+ 48. Kd4 Nb5+ 49. Kxe3 Nxa7 50. a4 Nc6 51. Ne6 Nb4 52. Kd4 Na6
53. Kxc4 Kh7 54. Kb5 Nb8 55. a5 Kg8 56. Kb6 1-0

[Event "XXXIV Memorial Edoardo Crespi B"]
[Site "Milano ITA"]
[Date "2013.12.04"]
[Round "1"]
[White "Bonghi, Fabrizio"]
[Black "Veri', Giustino"]
[WhiteElo "1513"]
[BlackElo "1708"]
[Result "0-1"]
[PlyCount "40"]
[EventDate "2013.12.04"]

1. d4 Nf6 2. c4 g6 3. Nf3 Bg7 4. Bf4 O-O 5. e3 d6 6. Be2 Ne4 7. Nbd2 Bf5 8. O-O
c5 9. Nxe4 Bxe4 10. Bd3 Bxd3 11. Qxd3 cxd4 12. exd4 a5 13. Rab1 Nd7 14. a3 Rc8
15. Rfc1 Re8 16. b4 e5 17. dxe5 dxe5 18. Nxe5 Nxe5 19. Qxd8 Rcxd8 20. c5 Nd3
0-1

[Event "XXXIV Memorial Edoardo Crespi B"]
[Site "Milano ITA"]
[Date "2013.12.04"]
[Round "1"]
[White "Borgognoni, Domenico"]
[Black "Torelli, Mauro"]
[WhiteElo "1518"]
[BlackElo "1713"]
[Result "1/2-1/2"]
[PlyCount "40"]
[EventDate "2013.12.04"]

1. d4 Nf6 2. Nf3 g6 3. e3 Bg7 4. Bd3 d6 5. c3 O-O 6. Nbd2 Nc6 7. O-O Re8 8. Re1
e5 9. Qc2 Bg4 10. e4 Nh5 11. h3 Bd7 12. Nf1 exd4 13. g4 Qf6 14. Nxd4 Nf4 15.
Re3 Qh4 16. Nh2 Nxd4 17. cxd4 Bxd4 18. Rf3 Nxd3 19. Qxd3 Be5 20. Qd5 Qe7
1/2-1/2

[Event "XXXIV Memorial Edoardo Crespi B"]
[Site "Milano ITA"]
[Date "2013.12.04"]
[Round "1"]
[White "Botta, Massimiliano"]
[Black "Bracco, Valter"]
[WhiteElo "1695"]
[BlackElo "1492"]
[Result "1-0"]
[PlyCount "63"]
[EventDate "2013.12.04"]

1. e4 c5 2. Nf3 e6 3. d4 cxd4 4. Nxd4 a6 5. Nc3 b5 6. a3 Bb7 7. Be2 Nf6 8. e5
Nd5 9. Nxd5 Bxd5 10. Bf3 Bc6 11. O-O Be7 12. Nxc6 Nxc6 13. Bxc6 dxc6 14. Qg4
Bf8 15. Bg5 Qc7 16. Rfe1 h6 17. Bd2 g6 18. Qe4 Bg7 19. Bb4 Rd8 20. Bd6 Qc8 21.
a4 Bf8 22. axb5 cxb5 23. Rad1 Bxd6 24. exd6 O-O 25. Re3 Qd7 26. Qh4 h5 27. Rg3
Kh7 28. Rh3 Rc8 29. Qe4 Kg7 30. b3 Rc6 31. Rd4 Rxd6 32. Qe5+ 1-0

[Event "XXXIV Memorial Edoardo Crespi B"]
[Site "Milano ITA"]
[Date "2013.12.04"]
[Round "1"]
[White "Calabrese, Maurizio"]
[Black "Manca, Renato"]
[WhiteElo "1434"]
[BlackElo "1629"]
[Result "0-1"]
[PlyCount "44"]
[EventDate "2013.12.04"]

1. d4 Nf6 2. Nf3 g6 3. g3 Bg7 4. c4 d6 5. e3 O-O 6. Nc3 Nbd7 7. Qc2 c5 8. d5
Ng4 9. Bd2 Nde5 10. Bg2 Nxc4 11. Bc1 e6 12. O-O Nb6 13. dxe6 fxe6 14. Rb1 a6
15. b3 d5 16. Bb2 e5 17. Ne2 Bf5 18. Qd2 Bxb1 19. Rxb1 d4 20. exd4 e4 21. Ng5
e3 22. fxe3 Qxg5 0-1

[Event "XXXIV Memorial Edoardo Crespi B"]
[Site "Milano ITA"]
[Date "2013.12.04"]
[Round "1"]
[White "Conta, Diego"]
[Black "Verderame, Alberto"]
[WhiteElo "1652"]
[BlackElo "1462"]
[Result "1-0"]
[PlyCount "47"]
[EventDate "2013.12.04"]

1. e4 d6 2. f4 Nf6 3. Nc3 c6 4. Nf3 Bg4 5. h3 Bh5 6. g4 Nxg4 7. hxg4 Bxg4 8.
Bh3 Bxh3 9. Rxh3 Nd7 10. b3 e5 11. f5 Be7 12. d3 Nf6 13. Bb2 Qb6 14. Qe2 Ng4
15. Bc1 Qc5 16. Na4 Qa5+ 17. Bd2 Qd8 18. O-O-O b5 19. Rg1 bxa4 20. Rxg4 axb3
21. cxb3 Bf6 22. Bg5 Bxg5+ 23. Rxg5 Qa5 24. Rxg7 1-0

[Event "XXXIV Memorial Edoardo Crespi B"]
[Site "Milano ITA"]
[Date "2013.12.04"]
[Round "1"]
[White "Costanza, Calogero"]
[Black "Poletto, Daniele"]
[WhiteElo "1598"]
[BlackElo "1752"]
[Result "0-1"]
[PlyCount "146"]
[EventDate "2013.12.04"]

1. d4 Nf6 2. Nf3 g6 3. e3 Bg7 4. Bd3 d6 5. Nbd2 Nbd7 6. b3 c5 7. Bb2 b6 8. O-O
Bb7 9. Qe2 O-O 10. e4 cxd4 11. Nxd4 Nc5 12. f3 Nxd3 13. Qxd3 Nd7 14. Qe3 Rc8
15. c3 a6 16. Rac1 Rc7 17. Rfd1 Qa8 18. Qg5 Ne5 19. Qe3 b5 20. Nf1 d5 21. Ng3
dxe4 22. Nxe4 Bxe4 23. fxe4 Qa7 24. Kf1 Nc6 25. Qf2 e5 26. Nxc6 Qxf2+ 27. Kxf2
Rxc6 28. Ke2 Rfc8 29. Rd3 Kf8 30. Rcd1 Ke8 31. Rd7 R6c7 32. Rxc7 Rxc7 33. Rd6
Ra7 34. Rd5 Rc7 35. Kd3 f5 36. c4 fxe4+ 37. Kxe4 bxc4 38. Ba3 cxb3 39. axb3 Rc3
40. Rd3 Rxd3 41. Kxd3 Kd7 42. Ke4 Ke6 43. Bc5 h5 44. h3 Bh6 45. Bf2 Bf4 46. g3
Bd2 47. Bb6 Be1 48. Kf3 Kd5 49. g4 hxg4+ 50. hxg4 Bc3 51. Ke2 Ke4 52. Be3 Bd4
53. Bh6 Kd5 54. Bd2 e4 55. Bf4 Kc5 56. Bd2 Bb2 57. Ke3 Kd5 58. Be1 Bc1+ 59. Ke2
Kd4 60. Kd1 Bb2 61. Kc2 Ba3 62. Bc3+ Ke3 63. b4 Kf4 64. Kd1 Kxg4 65. Ke2 Kf5
66. Kf2 g5 67. Kg2 Kf4 68. Be1 g4 69. Bg3+ Ke3 70. Bd6 a5 71. Bc5+ Kd3 72. bxa5
Bxc5 73. Kg3 e3 0-1

[Event "XXXIV Memorial Edoardo Crespi B"]
[Site "Milano ITA"]
[Date "2013.12.04"]
[Round "1"]
[White "Costisanu, Romica"]
[Black "Giovarruscio, Gabriele"]
[WhiteElo "1483"]
[BlackElo "1683"]
[Result "0-1"]
[PlyCount "82"]
[EventDate "2013.12.04"]

1. e4 c6 2. Nf3 d5 3. e5 Bg4 4. h3 Bf5 5. d4 e6 6. c3 Ne7 7. Bg5 Qb6 8. Qb3 Nd7
9. Nbd2 h6 10. Be3 Bh7 11. Nh4 Nf5 12. Nxf5 Bxf5 13. g4 Bh7 14. c4 dxc4 15.
Bxc4 Be7 16. d5 Qxb3 17. axb3 exd5 18. Be2 Bc5 19. Bxc5 Nxc5 20. O-O O-O 21. b4
Nd3 22. Bxd3 Bxd3 23. Rfe1 Rfe8 24. f4 a6 25. Nb3 Bb5 26. Nc5 Re7 27. f5 Rae8
28. e6 fxe6 29. fxe6 Rf8 30. Nd7 Rf3 31. Kg2 Rf4 32. Kg3 Rxb4 33. Nb6 Rxb2 34.
Nc8 Re8 35. e7 Rb3+ 36. Kf4 Rb4+ 37. Kf5 Bd3+ 38. Ke6 Rxc8 39. Kd7 Ra8 40.
e8=Q+ Rxe8 41. Rxe8+ Kh7 0-1

[Event "XXXIV Memorial Edoardo Crespi B"]
[Site "Milano ITA"]
[Date "2013.12.04"]
[Round "1"]
[White "D'Apa, Massimo"]
[Black "Macri', Vincenzo Roberto"]
[WhiteElo "1724"]
[BlackElo "1561"]
[Result "1-0"]
[PlyCount "47"]
[EventDate "2013.12.04"]

1. e4 e5 2. f4 d5 3. exd5 exf4 4. Nf3 Qxd5 5. Nc3 Qe6+ 6. Be2 Nc6 7. O-O Be7 8.
d4 Qh6 9. Bc4 Bg4 10. Nb5 O-O-O 11. Bxf7 a6 12. Nxc7 Kxc7 13. Qe1 g5 14. d5
Bc5+ 15. Kh1 Nce7 16. Nxg5 Nxd5 17. Qe5+ Qd6 18. Qxh8 Ngf6 19. Qg7 Rd7 20. Qh6
Qe5 21. Bxd5 Nxd5 22. Bd2 Qe2 23. Ba5+ b6 24. Rae1 1-0

[Event "XXXIV Memorial Edoardo Crespi B"]
[Site "Milano ITA"]
[Date "2013.12.04"]
[Round "1"]
[White "Da Campo, Giuseppe"]
[Black "Uccelli, Federico"]
[WhiteElo "1628"]
[BlackElo "1389"]
[Result "0-1"]
[PlyCount "54"]
[EventDate "2013.12.04"]

1. d4 d5 2. c4 e6 3. Nc3 Nf6 4. cxd5 exd5 5. Bg5 Bb4 6. e3 Nc6 7. Bd3 h6 8. Bh4
Be6 9. Nge2 Be7 10. a3 Qd7 11. Qc2 a6 12. f3 g5 13. Bg3 Bd6 14. Bf2 O-O-O 15.
O-O g4 16. Bh4 gxf3 17. Rxf3 Ng4 18. Bxd8 Bxh2+ 19. Kh1 Qxd8 20. Bf5 Qh4 21.
Bxe6+ fxe6 22. Rh3 Nf2+ 23. Kxh2 Nxh3 24. gxh3 Qf2+ 25. Kh1 Rg8 26. Rg1 Rxg1+
27. Nxg1 Qxc2 0-1

[Event "XXXIV Memorial Edoardo Crespi B"]
[Site "Milano ITA"]
[Date "2013.12.04"]
[Round "1"]
[White "Figini, Vittorio"]
[Black "Lachat, Martin"]
[WhiteElo "1468"]
[BlackElo "1663"]
[Result "0-1"]
[PlyCount "88"]
[EventDate "2013.12.04"]

1. e4 e5 2. Nf3 d6 3. c3 Nf6 4. d3 Be7 5. Be2 O-O 6. O-O Nc6 7. h3 Re8 8. Be3
d5 9. Nbd2 h6 10. exd5 Nxd5 11. Qc2 Nxe3 12. fxe3 Bc5 13. d4 exd4 14. cxd4 Bxd4
15. Nxd4 Nxd4 16. Qc4 Nxe2+ 17. Qxe2 Qg5 18. Rf3 Re5 19. Raf1 Be6 20. Kh2 Re8
21. Rg3 Qe7 22. b3 Bd7 23. Nc4 Rg5 24. Rgf3 f6 25. a4 c6 26. Rd1 Bc8 27. Nd6
Qc7 28. Rf4 Re7 29. Nxc8 Qxc8 30. Qc4+ Kh8 31. Rfd4 Qc7+ 32. Kg1 Qg3 33. Rd8+
Kh7 34. Qc2+ f5 35. R8d3 Rxe3 36. Qf2 Qxf2+ 37. Kxf2 Re4 38. Rd7 Rb4 39. R1d3
f4 40. Kf3 Kg6 41. R7d4 Rxd4 42. Rxd4 Rg3+ 43. Kxf4 Rxb3 44. h4 c5 0-1

[Event "XXXIV Memorial Edoardo Crespi B"]
[Site "Milano ITA"]
[Date "2013.12.04"]
[Round "1"]
[White "Frignani, Alessandro"]
[Black "Vece, Luigi"]
[WhiteElo "1369"]
[BlackElo "1628"]
[Result "1-0"]
[PlyCount "33"]
[EventDate "2013.12.04"]

1. e4 c5 2. f4 d6 3. Nf3 Nc6 4. g3 Bg4 5. Bg2 e5 6. h3 Bxf3 7. Bxf3 Qd7 8. d3
Be7 9. Nc3 Nf6 10. Be3 O-O-O 11. Bg4 Nxg4 12. Qxg4 Bf6 13. Nd5 Qxg4 14. hxg4
Nd4 15. Bxd4 cxd4 16. g5 exf4 17. gxf6 1-0

[Event "XXXIV Memorial Edoardo Crespi B"]
[Site "Milano ITA"]
[Date "2013.12.04"]
[Round "1"]
[White "Gonella, Graziano"]
[Black "Spada, Maurizio"]
[WhiteElo "1155"]
[BlackElo "1617"]
[Result "0-1"]
[PlyCount "38"]
[EventDate "2013.12.04"]

1. e4 e5 2. Nf3 Nf6 3. Nc3 Nc6 4. d4 exd4 5. Nxd4 Nxd4 6. Qxd4 d6 7. Bc4 h6 8.
f3 Be7 9. Be3 O-O 10. O-O-O Be6 11. Nd5 Nxd5 12. exd5 Bf6 13. Qd3 Bd7 14. Kb1
b5 15. Bxb5 Bxb5 16. Qxb5 Rb8 17. Qc4 Bxb2 18. a4 Bd4+ 19. Ka2 Bxe3 0-1

[Event "XXXIV Memorial Edoardo Crespi B"]
[Site "Milano ITA"]
[Date "2013.12.04"]
[Round "1"]
[White "Guglielmetti, Oscar"]
[Black "Rigotti, Gianluigi"]
[WhiteElo "1743"]
[BlackElo "1594"]
[Result "1-0"]
[PlyCount "41"]
[EventDate "2013.12.04"]

1. Nf3 d5 2. g3 c6 3. Bg2 g6 4. d3 Bg7 5. O-O Nf6 6. Nc3 O-O 7. e4 dxe4 8. dxe4
e6 9. Qe2 Qc7 10. Re1 Nbd7 11. h3 b6 12. Bf4 e5 13. Be3 c5 14. Nb5 Qb7 15. c4
Nxe4 16. Ng5 f5 17. Nd6 Qc7 18. Ndxe4 fxe4 19. Bxe4 Rb8 20. Bd5+ Kh8 21. Nf7+
1-0

[Event "XXXIV Memorial Edoardo Crespi B"]
[Site "Milano ITA"]
[Date "2013.12.04"]
[Round "1"]
[White "Lamera, Giuseppe"]
[Black "Carito, Riccardo"]
[WhiteElo "1494"]
[BlackElo "1697"]
[Result "0-1"]
[PlyCount "42"]
[EventDate "2013.12.04"]

1. c4 Nf6 2. Nc3 g6 3. g3 Bg7 4. Bg2 O-O 5. Nf3 Nc6 6. O-O d6 7. Rb1 Bf5 8. d3
Qd7 9. e4 Bh3 10. b4 Bxg2 11. Kxg2 Ng4 12. Ne2 f5 13. exf5 Qxf5 14. Nf4 Rf7 15.
Nh4 Qd7 16. Nf3 e5 17. Nd5 Raf8 18. Ng5 Rxf2+ 19. Rxf2 Rxf2+ 20. Kg1 Qf5 21. b5
Rg2+ 0-1

[Event "XXXIV Memorial Edoardo Crespi B"]
[Site "Milano ITA"]
[Date "2013.12.04"]
[Round "1"]
[White "Madaschi, Sergio"]
[Black "Primerano, Carlo"]
[WhiteElo "1561"]
[BlackElo "1723"]
[Result "0-1"]
[PlyCount "50"]
[EventDate "2013.12.04"]

1. e4 d6 2. d4 Nf6 3. Bd3 g6 4. f4 Bg7 5. Nf3 c5 6. dxc5 Qa5+ 7. Nc3 Qxc5 8.
Qe2 O-O 9. Be3 Qa5 10. O-O-O Nc6 11. a3 a6 12. h3 b5 13. Bd2 b4 14. Na2 Nh5 15.
Qe3 Rb8 16. Bc4 Qc7 17. a4 Na5 18. Bb3 Nxb3+ 19. Qxb3 Be6 20. Qe3 Bxa2 21. b3
Rfc8 22. Ne1 Rb6 23. g4 Nxf4 24. Bxb4 Rxb4 25. Qxf4 Bxb3 0-1

[Event "XXXIV Memorial Edoardo Crespi B"]
[Site "Milano ITA"]
[Date "2013.12.04"]
[Round "1"]
[White "Mandelli, Giacomo"]
[Black "Altissimo, Dino"]
[WhiteElo "1677"]
[BlackElo "1474"]
[Result "1-0"]
[PlyCount "67"]
[EventDate "2013.12.04"]

1. e4 e5 2. Bc4 Nf6 3. d3 Nc6 4. Nf3 h6 5. Nc3 d6 6. h3 Be7 7. Be3 Na5 8. Qd2
Nxc4 9. dxc4 Be6 10. b3 a6 11. Qd3 Qc8 12. c5 dxc5 13. Nxe5 O-O 14. O-O Bd6 15.
Nf3 Bxh3 16. gxh3 Qxh3 17. Bd2 Ng4 18. Nd5 Bh2+ 19. Kh1 Bf4+ 20. Kg1 Bxd2 21.
Rfd1 Ba5 22. Nf4 Nxf2 23. Nxh3 Nxd3 24. Rxd3 Bb6 25. c4 c6 26. Rd7 Rab8 27.
Rad1 Ba5 28. R1d3 Bb4 29. Nf2 b5 30. Ne5 bxc4 31. bxc4 Be1 32. Ra7 a5 33. Kf1
Bxf2 34. Kxf2 1-0

[Event "XXXIV Memorial Edoardo Crespi B"]
[Site "Milano ITA"]
[Date "2013.12.04"]
[Round "1"]
[White "Mariucci, Felice"]
[Black "Del Frate, Walter"]
[WhiteElo "1716"]
[BlackElo "1539"]
[Result "1-0"]
[PlyCount "99"]
[EventDate "2013.12.04"]

1. Nf3 d5 2. e3 c5 3. b3 Nc6 4. Bb2 e6 5. Bb5 Bd7 6. O-O Nf6 7. d3 a6 8. Bxc6
Bxc6 9. Nbd2 Be7 10. Ne5 O-O 11. f4 Qc7 12. Qe1 Nd7 13. Qg3 d4 14. exd4 Nxe5
15. dxe5 f5 16. Nc4 Rad8 17. Bc3 b6 18. a4 Qb7 19. Rae1 Bd5 20. Nd2 Qc6 21. Nf3
Bxf3 22. Rxf3 b5 23. axb5 axb5 24. Ra1 b4 25. Bd2 Ra8 26. Rff1 Ra3 27. Rxa3
bxa3 28. Ra1 Ra8 29. Ra2 Qb6 30. Kf1 Ra6 31. Qf2 Qc6 32. Bc1 Qa8 33. Qf3 Qa7
34. Be3 Qb6 35. Qh5 g6 36. Qf3 Qb5 37. Qe2 Qc6 38. d4 cxd4 39. Bxd4 Ra8 40. c3
Bc5 41. Qc4 Rc8 42. Bxc5 Qxc5 43. Qxc5 Rxc5 44. c4 Ra5 45. Ke2 Kf7 46. Kd3 Ke7
47. Kc3 Kd7 48. Kb4 Ra8 49. Rxa3 Rb8+ 50. Kc3 1-0

[Event "XXXIV Memorial Edoardo Crespi B"]
[Site "Milano ITA"]
[Date "2013.12.04"]
[Round "1"]
[White "Mason, Giovanni"]
[Black "Iacchetti, Giovanni"]
[WhiteElo "1574"]
[BlackElo "1728"]
[Result "0-1"]
[PlyCount "34"]
[EventDate "2013.12.04"]

1. e4 d6 2. d4 Nf6 3. Nc3 g6 4. Be2 c6 5. Be3 b5 6. e5 dxe5 7. dxe5 Nfd7 8. f4
Bg7 9. Nf3 O-O 10. h4 h5 11. Ng5 Nb6 12. Bxh5 Nc4 13. Bd4 Nxb2 14. Qd2 gxh5 15.
Rb1 f6 16. Nce4 fxg5 17. Rxb2 Rxf4 0-1

[Event "XXXIV Memorial Edoardo Crespi B"]
[Site "Milano ITA"]
[Date "2013.12.04"]
[Round "1"]
[White "Nordio, Giorgio"]
[Black "Scotti, Luigi"]
[WhiteElo "1666"]
[BlackElo "1470"]
[Result "1-0"]
[PlyCount "71"]
[EventDate "2013.12.04"]

1. c4 c5 2. g3 g6 3. Bg2 Bg7 4. Nc3 Nc6 5. Nf3 Nf6 6. O-O O-O 7. d3 d6 8. a3
Bd7 9. Rb1 Rb8 10. Bd2 Qc8 11. Re1 Re8 12. b4 a6 13. Qc2 Nd4 14. Nxd4 cxd4 15.
Na4 Bc6 16. Nb6 Qc7 17. c5 Bxg2 18. Kxg2 Qc6+ 19. Kg1 dxc5 20. bxc5 e5 21. e4
dxe3 22. fxe3 Rbd8 23. Ba5 Bf8 24. Na4 b5 25. Bxd8 bxa4 26. Bxf6 Qxf6 27. Qxa4
Rc8 28. Rb6 Qd8 29. Qxa6 Bxc5 30. Rb3 Ra8 31. Qc4 Qe7 32. a4 Qa7 33. Qe4 Bd6
34. Qd5 Qxa4 35. Rb7 Qa3 36. Qxf7+ 1-0

[Event "XXXIV Memorial Edoardo Crespi B"]
[Site "Milano ITA"]
[Date "2013.12.04"]
[Round "1"]
[White "Pandini, Giuseppe"]
[Black "Baronio, Gaia"]
[WhiteElo "1733"]
[BlackElo "1591"]
[Result "1/2-1/2"]
[PlyCount "60"]
[EventDate "2013.12.04"]

1. f4 d5 2. Nf3 Nf6 3. e3 Bg4 4. Be2 e6 5. b3 Nbd7 6. Bb2 Bd6 7. Ne5 Bxe2 8.
Qxe2 Be7 9. d3 c6 10. Nd2 Nxe5 11. Bxe5 Bd6 12. O-O O-O 13. c4 Rc8 14. a3 Bxe5
15. fxe5 Nd7 16. d4 c5 17. cxd5 cxd4 18. exd4 exd5 19. Qb5 Nb6 20. Nf3 Qd7 21.
Qxd7 Nxd7 22. Rac1 Nb6 23. Rc5 Rxc5 24. dxc5 Nd7 25. b4 Re8 26. Rd1 Nxe5 27.
Rxd5 Nxf3+ 28. gxf3 Kf8 29. Rd7 Re7 30. Rd8+ Re8 1/2-1/2

[Event "XXXIV Memorial Edoardo Crespi B"]
[Site "Milano ITA"]
[Date "2013.12.04"]
[Round "1"]
[White "Pavlidis, Pavlos"]
[Black "Silivri, Volkan Resat"]
[WhiteElo "1459"]
[BlackElo "1650"]
[Result "0-1"]
[PlyCount "32"]
[EventDate "2013.12.04"]

1. e4 d5 2. exd5 Qxd5 3. Nc3 Qa5 4. Nf3 Nf6 5. d4 Bg4 6. Be2 Nc6 7. O-O O-O-O
8. Be3 e5 9. Ng5 Bxe2 10. Nxe2 exd4 11. Nxd4 Nxd4 12. Bxd4 Qxg5 13. Re1 Bd6 14.
Bxf6 gxf6 15. Qf3 Bc5 16. Qh3+ f5 0-1

[Event "XXXIV Memorial Edoardo Crespi B"]
[Site "Milano ITA"]
[Date "2013.12.04"]
[Round "1"]
[White "Ricci, Leonardo"]
[Black "Casati, Ivan Mario"]
[WhiteElo "1621"]
[BlackElo "1336"]
[Result "1-0"]
[PlyCount "57"]
[EventDate "2013.12.04"]

1. e4 c6 2. d4 d5 3. exd5 cxd5 4. Nc3 Nf6 5. Nf3 Bg4 6. Bb5+ Nbd7 7. O-O e6 8.
Bg5 Be7 9. Qd3 Bf5 10. Qe2 O-O 11. a3 a6 12. Ba4 b5 13. Bb3 Re8 14. Ne5 Nxe5
15. Qxe5 Ng4 16. Bxe7 Rxe7 17. Qf4 Rc8 18. Nxd5 Rd7 19. Qf3 g6 20. Nb4 Rxd4 21.
Nc6 Qc7 22. Rfd1 Ne5 23. Nxe5 Qxe5 24. Re1 Qd6 25. c3 Rd2 26. Rad1 Rd8 27. g4
Qd3 28. Qxd3 R2xd3 29. gxf5 1-0

[Event "XXXIV Memorial Edoardo Crespi B"]
[Site "Milano ITA"]
[Date "2013.12.04"]
[Round "1"]
[White "Russo, Luca"]
[Black "Pozzi, Luca"]
[WhiteElo "1593"]
[BlackElo "1738"]
[Result "0-1"]
[PlyCount "64"]
[EventDate "2013.12.04"]

1. e4 c5 2. Nf3 g6 3. g3 Bg7 4. d4 cxd4 5. Nxd4 Qb6 6. c3 d6 7. Bg2 Nf6 8. O-O
O-O 9. Qb3 Qc5 10. Qb5 Qc7 11. Nd2 e5 12. Nc2 b6 13. Nb4 Bb7 14. Re1 a5 15. Nd5
Nxd5 16. exd5 Nd7 17. Nc4 Rfd8 18. Be3 Nc5 19. Bxc5 bxc5 20. Qb6 Qd7 21. Nxa5
Rdb8 22. Nxb7 Rxb7 23. Qc6 Qe7 24. a4 Rab8 25. a5 Rc7 26. Qa4 Rxb2 27. a6 Rb8
28. Bf1 f5 29. Bb5 Ra7 30. Reb1 Rb6 31. Qa5 Qc7 32. Bc6 Rxb1+ 0-1

[Event "XXXIV Memorial Edoardo Crespi B"]
[Site "Milano ITA"]
[Date "2013.12.04"]
[Round "1"]
[White "Tomarchio, Cono"]
[Black "Lapitan, Eusebio"]
[WhiteElo "1471"]
[BlackElo "1668"]
[Result "0-1"]
[PlyCount "58"]
[EventDate "2013.12.04"]

1. e4 c5 2. Nf3 Nc6 3. d3 d6 4. c3 Qc7 5. Be2 e6 6. O-O Nf6 7. Bg5 Be7 8. Bxf6
Bxf6 9. Nbd2 Bd7 10. Rb1 h6 11. Nb3 a5 12. a4 Ne5 13. Nxe5 Bxe5 14. Ra1 b5 15.
axb5 Bxb5 16. Nd2 O-O 17. Nf3 Bf6 18. Rb1 a4 19. c4 Bc6 20. Qd2 Rfb8 21. d4
Bxe4 22. dxc5 Qxc5 23. Ra1 Rxb2 24. Qe1 a3 25. Nd2 Bg6 26. Qd1 Rab8 27. Bf3 d5
28. Rc1 Qd4 29. Bxd5 Rxd2 0-1

[Event "XXXIV Memorial Edoardo Crespi B"]
[Site "Milano ITA"]
[Date "2013.12.04"]
[Round "1"]
[White "Trent, Alan M."]
[Black "Cagnotto, Marco"]
[WhiteElo "1700"]
[BlackElo "1494"]
[Result "1/2-1/2"]
[PlyCount "40"]
[EventDate "2013.12.04"]

1. e4 c5 2. Nc3 Nc6 3. f4 e5 4. f5 Nf6 5. Nf3 d5 6. Bb5 Qd6 7. exd5 Nxd5 8. Ne4
Qc7 9. O-O Bxf5 10. Ng3 Be6 11. Bxc6+ bxc6 12. Re1 f6 13. Kh1 Bd6 14. Ne4 O-O
15. d3 Rad8 16. Bd2 Bg4 17. Rf1 Qb6 18. b3 Bc7 19. Qe1 Nb4 20. Qb1 Bf5 1/2-1/2

[Event "XXXIV Memorial Edoardo Crespi B"]
[Site "Milano ITA"]
[Date "2013.12.04"]
[Round "1"]
[White "Versari, Marino"]
[Black "Mazzoccoli, Simone"]
[WhiteElo "1600"]
[BlackElo "1770"]
[Result "1/2-1/2"]
[PlyCount "45"]
[EventDate "2013.12.04"]

1. d4 Nf6 2. c4 g6 3. Nc3 Bg7 4. e4 d6 5. Nf3 O-O 6. Be2 c5 7. d5 e6 8. O-O
exd5 9. exd5 Re8 10. Bg5 h6 11. Bh4 Na6 12. a3 Nc7 13. h3 Rb8 14. a4 b6 15. Bd3
a6 16. Qc2 Kh7 17. Rfe1 Bd7 18. Bg3 Rxe1+ 19. Rxe1 Qf8 20. b3 b5 21. a5 bxc4
22. bxc4 Nh5 23. Bh2 1/2-1/2